000 00312nam a22001457a 4500
008 210310b ||||| |||| 00| 0 eng d
020 _a9780077499860
041 _aeng
080 _213th
_a004
082 _a004
100 _a28
101 _aSHKI
245 _aComputer Accounting
_cKay, D
942 _2udc
_cBK
999 _c56229
_d56229